Combinatorial optimization: algorithms and complexity

Guardat en:
Dades bibliogràfiques
Autors principals: Papadimitriou, Christos H. (Autor), Steiglitz, Kenneth (Autor)
Format: Llibre
Idioma:anglès
Publicat: Nueva York Dover 1998
Matèries:
Etiquetes: Afegir etiqueta
Sense etiquetes, Sigues el primer a etiquetar aquest registre!

MARC

LEADER 00000nam a2200000 a 4500
001 UCM2170
003 CL-VaPUC
008 020425e19980000us |||||||||||||||||eng|d
020 |a 0486402584 
082 0 4 |a 519.3  |b PAP  |2 21 
100 |a Papadimitriou, Christos H.  |e author  |9 468922 
700 0 |a Steiglitz, Kenneth  |e author  |9 468923 
245 1 0 |a Combinatorial optimization: algorithms and complexity 
300 |a 496 p 
942 |c BK 
945 |d 20020425 00:00:00  |a vberengu 
260 |a Nueva York  |b Dover  |c 1998 
650 0 |a Optimización matemática  |9 259780 
650 0 |a Optimización combinatoria  |9 263745 
583 |a last modification  |c 20150504 04:46:44  |k Rodrigo Vera 
999 |c 300147  |d 300145 
952 |0 0  |1 0  |4 0  |6 519_300000000000000_PAP_1998  |7 0  |8 A  |9 357509  |a BIBING  |b BIBING  |d 2019-11-21  |i 3811387  |o 519.3 PAP 1998  |p 3811387  |r 2025-01-20  |w 2019-11-21  |y BK  |k EII 
952 |0 0  |1 0  |4 0  |6 519_300000000000000_PAP_1998  |7 0  |8 A  |9 357510  |a BIBING  |b BIBING  |d 2019-11-21  |i 4107020  |l 1  |o 519.3 PAP 1998  |p 4107020  |r 2025-01-20  |s 2023-08-10  |w 2019-11-21  |y BK  |k CCI